IT And The Indian Legal System (Record no. 303756)

MARC details
000 -LEADER
fixed length control field 00405nam a2200157Ia 4500
008 - FIXED-LENGTH DATA ELEMENTS--GENERAL INFORMATION
fixed length control field 230718s9999 xx 000 0 und d
041 ## - LANGUAGE CODE
Language code of text/sound track or separate title eng
082 ## - DEWEY DECIMAL CLASSIFICATION NUMBER
Classification number 658
Item number AGA
100 ## - MAIN ENTRY--PERSONAL NAME
Personal name Agarwala K.N.
9 (RLIN) 149674
245 ## - TITLE STATEMENT
Title IT And The Indian Legal System
260 ## - PUBLICATION, DISTRIBUTION, ETC. (IMPRINT)
Date of publication, distribution, etc. 2002
Name of publisher, distributor, etc. Macmillan
300 ## - PHYSICAL DESCRIPTION
Extent 990
365 ## - TRADE PRICE
Currency code Rs.
Price amount 295.00
700 ## - ADDED ENTRY--PERSONAL NAME
Personal name Agarwala K.N.
9 (RLIN) 149674
906 ## - LOCAL DATA ELEMENT F, LDF (RLIN)
d B:147313-Jun-2002
c COMP
b 44.25
Holdings
Withdrawn status Lost status Damaged status Not for loan Home library Current library Date acquired Vendor Budget Code Cost, normal purchase price Bill number Total Checkouts Full call number Barcode Date last seen Discount Cost, replacement price Bill Date Koha item type Original Barcode
        Cummins College of Engineering for Women Pune Cummins College of Engineering for Women Pune 03/07/2002 Masurkar Enterprises COMP 250.75 1473   658 CCEP-BK-14963 18/07/2023 44.25 295.00 13/06/2002 Books 014963